[Event "55th Biel Master Open"]
[Site "Biel SUI"]
[Date "2022.07.19"]
[Round "6.26"]
[White "Dushyant, Sharma"]
[Black "Mamedov, Edgar"]
[Result "0-1"]
[WhiteTitle "IM"]
[BlackTitle "CM"]
[WhiteElo "2416"]
[BlackElo "2227"]
[WhiteFideId "25065130"]
[BlackFideId "13739980"]
[EventDate "2022.07.13"]

1. e4 c6 2. d4 d5 3. e5 c5 4. dxc5 e6 5. a3 Nc6 6. Nf3 Bxc5 7. b4 Bb6 8. Bb2 f6
9. Bd3 fxe5 10. O-O Nf6 11. Nxe5 O-O 12. Nd2 a5 13. b5 Nxe5 14. Bxe5 Bd7 15. Nf3
Be8 16. Ng5 Qe7 17. Qe2 h6 18. Nh3 Nd7 19. Rae1 Bf7 20. Bb2 Rae8 21. Qg4 e5 22.
c4 dxc4 23. Bxc4 Bxc4 24. Qxc4+ Qf7 25. Qh4 Qb3 26. Bc1 Nf6 27. a4 Bd4 28. Qg3
Qxg3 29. hxg3 Rc8 30. Bd2 b6 31. Rc1 Ne4 32. Be3 Nc3 33. Bxd4 exd4 34. Rce1 d3
35. f3 d2 36. Ra1 Rfd8 37. Nf2 Rc4 38. Nd1 Nxa4 39. Kf2 Nc5 40. Ke2 Nb3 41. Ra3
Nc1+ 42. Kf2 Rc5 43. Re3 Rxb5 44. Rh1 Nd3+ 45. Ke2 Nb2 46. Nf2 d1=Q+ 47. Nxd1
Nxd1 48. Rxd1 Rb2+ 49. Ke1 Rxd1+ 50. Kxd1 Rxg2 51. g4 a4 52. Kc1 b5 53. Kb1 Rf2
54. Ka1 Kh7 55. Rd3 b4 56. Re3 a3 57. Rb3 Kg6 58. Rd3 Kg5 59. Rb3 Kf4 60. Rxb4+
Kxf3 61. Rb7 g5 62. Rb6 Rh2 63. Rb4 Rh4 64. Kb1 Rxg4 65. Rb3+ Kg2 66. Rxa3 Rc4
67. Ra6 g4 68. Rxh6 g3 69. Kb2 Kg1 70. Kb3 Rc8 71. Rg6 g2 72. Rf6 Rh8 0-1

[Event "55th Biel Master Open"]
[Site "Biel SUI"]
[Date "2022.07.19"]
[Round "6.27"]
[White "Materia, Marco"]
[Black "Schlegel, Igor"]
[Result "1-0"]
[WhiteTitle "IM"]
[WhiteElo "2409"]
[BlackElo "2194"]
[WhiteFideId "45150451"]
[BlackFideId "1334956"]
[EventDate "2022.07.13"]

1. d4 Nf6 2. c4 g6 3. Nc3 Bg7 4. Nf3 d6 5. Bg5 h6 6. Bh4 g5 7. Bg3 Nh5 8. e3 c5
9. Be2 g4 10. Nh4 Nxg3 11. hxg3 h5 12. Rc1 Qb6 13. Rc2 cxd4 14. Nd5 Qa5+ 15. b4
Qd8 16. exd4 Nc6 17. Rd2 e6 18. Ne3 Nxb4 19. O-O O-O 20. a3 Nc6 21. d5 Ne7 22.
c5 dxc5 23. d6 Nc6 24. d7 Nd4 25. dxc8=Q Rxc8 26. Nc2 Qa5 27. Nxd4 cxd4 28. a4
Rc3 29. Bd3 Rfc8 30. Rb2 Qc7 31. Rb1 Qe7 32. Be4 b6 33. Qd2 R8c4 34. Rb5 Rc5 35.
Rd1 Qf6 36. Rbb1 R5c4 37. Qa2 Qe7 38. a5 bxa5 39. Qxa5 Rc5 40. Rb8+ Rc8 41.
Rxc8+ Rxc8 42. Qxh5 f5 43. Nxf5 exf5 44. Bd5+ 1-0

[Event "55th Biel Master Open"]
[Site "Biel SUI"]
[Date "2022.07.19"]
[Round "6.28"]
[White "Song, Julien"]
[Black "Sadeghi, Hassan Roger"]
[Result "1-0"]
[WhiteTitle "IM"]
[WhiteElo "2391"]
[BlackElo "2068"]
[WhiteFideId "659487"]
[BlackFideId "1304712"]
[EventDate "2022.07.13"]

1. d4 d5 2. c4 dxc4 3. e4 c5 4. d5 a6 5. a4 Nf6 6. Nc3 e6 7. Nf3 Nxe4 8. Nxe4
exd5 9. Nc3 Be6 10. Ng5 Nc6 11. Nxe6 fxe6 12. g3 Nd4 13. Bh3 Be7 14. O-O O-O 15.
Ne2 e5 16. Ra3 Bf6 17. Bg2 b5 18. axb5 axb5 19. Rxa8 Qxa8 20. Nc3 e4 21. Qh5 Rd8
22. Bg5 Bxg5 23. Qxg5 b4 24. Nd1 Ne2+ 25. Kh1 c3 26. bxc3 bxc3 27. Ne3 Nd4 28.
Rc1 Rf8 29. Nxd5 Qa3 30. Bxe4 Qb2 31. Bxh7+ 1-0

[Event "55th Biel Master Open"]
[Site "Biel SUI"]
[Date "2022.07.19"]
[Round "6.29"]
[White "Lou, Vincent"]
[Black "Aziz, Husain"]
[Result "1/2-1/2"]
[BlackTitle "IM"]
[WhiteElo "2200"]
[BlackElo "2380"]
[WhiteFideId "1334972"]
[BlackFideId "12100293"]
[EventDate "2022.07.13"]

1. d4 d5 2. c4 e6 3. Nf3 Nf6 4. Nc3 c5 5. cxd5 Nxd5 6. e4 Nxc3 7. bxc3 cxd4 8.
cxd4 Bb4+ 9. Bd2 Bxd2+ 10. Qxd2 O-O 11. Bc4 Nd7 12. O-O b6 13. Rfe1 Bb7 14. Rad1
Rc8 15. Bd3 h6 16. Re3 Nf6 17. Bb1 Qc7 18. Ne5 Rfd8 19. Qe2 Qe7 20. Rg3 Kf8 21.
h4 Rc7 22. Rf3 Kg8 23. g4 Rdc8 24. g5 hxg5 25. hxg5 Nh7 26. g6 fxg6 27. Nxg6 Qe8
28. Rg3 Rc1 29. Kh2 Nf8 30. Ne5 Qe7 31. Qh5 Qf6 32. Ng4 Qf4 33. Nh6+ Kh8 34.
Nf7+ Kg8 35. Nh6+ Kh8 36. Nf7+ Kg8 37. Nh6+ 1/2-1/2

[Event "55th Biel Master Open"]
[Site "Biel SUI"]
[Date "2022.07.19"]
[Round "6.30"]
[White "Matsumura, Cocoro"]
[Black "Haimovich, Tal"]
[Result "0-1"]
[BlackTitle "IM"]
[WhiteElo "2043"]
[BlackElo "2372"]
[WhiteFideId "36087114"]
[BlackFideId "2801698"]
[EventDate "2022.07.13"]

1. e4 e5 2. Nf3 Nc6 3. Bb5 a6 4. Ba4 Nf6 5. O-O Be7 6. Re1 b5 7. Bb3 d6 8. c3
O-O 9. h3 Bb7 10. d4 Nd7 11. Nbd2 exd4 12. cxd4 Re8 13. Nf1 Na5 14. Bc2 Nf8 15.
Ng3 c5 16. Nf5 Ng6 17. b3 Bf6 18. Bb2 Nc6 19. Rc1 Rc8 20. Ba1 cxd4 21. N3xd4
Nce7 22. Qd2 Qb6 23. a4 Be5 24. Nxe7+ Rxe7 25. Nf5 Rec7 26. Bxe5 dxe5 27. axb5
axb5 28. Bb1 h6 29. Rxc7 Qxc7 30. Nd6 Rd8 31. Rd1 Nf4 32. Qc2 Qxc2 33. Bxc2 Bc6
34. f3 g6 35. Rd2 Ne6 36. f4 Nxf4 37. Nc4 Rxd2 38. Nxd2 b4 39. Kf2 Kf8 40. Nc4
f6 41. h4 Ke7 42. Ne3 Ne6 43. Nd5+ Bxd5 44. exd5 Nd4 45. Bxg6 Nxb3 46. Ke2 Nc5
47. g4 Kd6 48. Bf7 Ne4 49. Kd3 Nf2+ 50. Kc4 Nxg4 51. Kxb4 Ne3 52. Kc3 Nxd5+ 53.
Kd3 f5 54. Ke2 Nf4+ 55. Kf3 Ne6 56. Bg6 e4+ 57. Ke3 Ke5 0-1

[Event "55th Biel Master Open"]
[Site "Biel SUI"]
[Date "2022.07.19"]
[Round "6.31"]
[White "Papadiamandis, Elliot"]
[Black "Marentini, Marcel"]
[Result "1/2-1/2"]
[WhiteTitle "IM"]
[WhiteElo "2369"]
[BlackElo "2053"]
[WhiteFideId "36074160"]
[BlackFideId "1318730"]
[EventDate "2022.07.13"]

1. e4 e5 2. Nf3 Nf6 3. Nxe5 d6 4. Nf3 Nxe4 5. Nc3 Nxc3 6. dxc3 Be7 7. Be3 Nc6 8.
Bd3 Be6 9. Qe2 Qd7 10. O-O-O O-O 11. h3 Rae8 12. Kb1 Bd8 13. Rhg1 Bf5 14. g4
Bxd3 15. Qxd3 Ne5 16. Nxe5 Rxe5 17. f4 Ree8 18. f5 a6 19. Bd4 f6 20. h4 h6 21.
Rdf1 Qc6 22. g5 fxg5 23. hxg5 Bxg5 24. f6 Qe4 25. Qg3 c5 26. Re1 Qg6 27. fxg7
Rxe1+ 28. Rxe1 Re8 29. Rxe8+ Qxe8 30. Bf2 Qe4 31. a3 Qd5 32. Qg4 Kxg7 33. c4 Qf7
34. Bg3 d5 35. Be5+ Kg6 36. cxd5 Qxd5 37. Bc3 h5 38. Qc8 h4 39. Qe8+ Kf5 40.
Qc8+ Kg6 41. Qe8+ Kf5 42. Qc8+ Kf4 43. Ba5 Kg3 44. Be1+ Kh2 45. Qg4 Qg2 46. Qe6
h3 47. Qe5+ Kh1 48. Ka2 c4 49. Bb4 Bh4 50. Qd4 Bf2 51. Qxc4 h2 52. Bd6 Be3 53.
Qd3 Qf3 54. b3 Kg2 55. Qg6+ Kh1 56. Qd3 Kg2 57. Qg6+ Kh1 1/2-1/2

[Event "55th Biel Master Open"]
[Site "Biel SUI"]
[Date "2022.07.19"]
[Round "6.32"]
[White "Schnepp, Gunnar"]
[Black "Meduri, Aakaash"]
[Result "1-0"]
[WhiteTitle "FM"]
[WhiteElo "2265"]
[BlackElo "2000"]
[WhiteFideId "1604503"]
[BlackFideId "2032252"]
[EventDate "2022.07.13"]

1. d4 d5 2. c4 e6 3. Nc3 c6 4. e4 dxe4 5. Nxe4 Bb4+ 6. Bd2 Qxd4 7. Bxb4 Qxe4+ 8.
Be2 Na6 9. Bd6 Qxg2 10. Qd2 e5 11. O-O-O Be6 12. Bxe5 Ne7 13. Nf3 Nf5 14. Ng5
Nc5 15. Bf3 Nd3+ 16. Kb1 Qxg5 17. Qxg5 Nxe5 18. Be4 f6 19. Qf4 g5 20. Qc1 Ne7
21. f4 Nxc4 22. fxg5 f5 23. Bd3 Nb6 24. Rhe1 Kf7 25. Qe3 1-0

[Event "55th Biel Master Open"]
[Site "Biel SUI"]
[Date "2022.07.19"]
[Round "6.33"]
[White "Shubin, Daniel"]
[Black "Kolbus, Dietmar"]
[Result "1-0"]
[BlackTitle "IM"]
[WhiteElo "2120"]
[BlackElo "2285"]
[WhiteFideId "30936470"]
[BlackFideId "4610628"]
[EventDate "2022.07.13"]

1. e4 c5 2. Nf3 d6 3. d4 cxd4 4. Nxd4 Nf6 5. Nc3 a6 6. Bg5 Nbd7 7. f4 Qc7 8. Qe2
e6 9. O-O-O Be7 10. g4 O-O 11. Bxf6 Bxf6 12. g5 Bxd4 13. Rxd4 e5 14. Nd5 Qd8 15.
Rd3 exf4 16. Qh5 Ne5 17. Rg1 Be6 18. Nf6+ gxf6 19. gxf6+ Ng6 20. e5 Kh8 21. Rg5
Qa5 22. Qh6 Qe1+ 23. Rd1 Qe3+ 24. Kb1 1-0

[Event "55th Biel Master Open"]
[Site "Biel SUI"]
[Date "2022.07.19"]
[Round "6.34"]
[White "Bewersdorff, Oliver"]
[Black "Collin, Moritz Valentin"]
[Result "1/2-1/2"]
[WhiteTitle "FM"]
[WhiteElo "2280"]
[BlackElo "2129"]
[WhiteFideId "4602897"]
[BlackFideId "1342932"]
[EventDate "2022.07.13"]

1. Nf3 Nf6 2. c4 e6 3. g3 d5 4. Bg2 d4 5. O-O c5 6. e3 Nc6 7. exd4 cxd4 8. d3
Be7 9. Na3 O-O 10. Re1 h6 11. Nc2 a5 12. b3 Re8 13. Ne5 Nxe5 14. Rxe5 Nd7 15.
Rb5 Nc5 16. Ba3 Qc7 17. Nxd4 Rd8 18. Bxc5 Bxc5 19. Nc2 Ra7 20. d4 b6 21. Qd3 e5
22. Bd5 exd4 23. Nxd4 Ba6 24. Rxc5 Qxc5 25. Ne6 Qxd5 26. cxd5 Bxd3 27. Nxd8 Rd7
28. Nc6 Kf8 29. Ne5 1/2-1/2

[Event "55th Biel Master Open"]
[Site "Biel SUI"]
[Date "2022.07.19"]
[Round "6.35"]
[White "Gomez Barrera, Javiera Belen"]
[Black "Schwander, Lukas"]
[Result "1-0"]
[WhiteTitle "WIM"]
[WhiteElo "2210"]
[BlackElo "2274"]
[WhiteFideId "3418723"]
[BlackFideId "1328727"]
[EventDate "2022.07.13"]

1. e4 c5 2. Nf3 d6 3. d4 cxd4 4. Nxd4 Nf6 5. Nc3 Nc6 6. Bc4 Qb6 7. Nxc6 bxc6 8.
O-O g6 9. Qe1 Bg7 10. e5 dxe5 11. Qxe5 O-O 12. Qxe7 Bf5 13. Bb3 Rae8 14. Qd6 Ng4
15. Bf4 Ne5 16. Rae1 Rd8 17. Qe7 Rfe8 18. Qh4 Qb4 19. a3 Qc5 20. Ne4 Qd4 21. c3
Qxe4 22. Rxe4 Bxe4 23. Bg5 Rb8 24. Qxe4 Rxb3 25. f4 h6 26. Bh4 g5 27. fxe5 gxh4
28. Qxc6 Reb8 29. Qd5 R3b7 30. e6 fxe6 31. Qxe6+ Kh8 32. b4 Rb6 33. Qd7 R6b7 34.
Qd6 Rb6 35. Qd7 R6b7 36. Qd5 Bxc3 37. Rf7 Rxf7 38. Qxf7 Bd4+ 39. Kf1 h3 40. gxh3
Rg8 41. Ke2 Bg1 42. b5 Rg7 43. Qf8+ Kh7 44. Qf5+ Kh8 45. a4 Bb6 46. Kd3 Kg8 47.
Qe6+ Kh7 48. Kc4 Rg6 49. Qe4 Kg7 50. Kb4 Rf6 51. a5 Bf2 52. Kc4 h5 53. h4 Kh6
54. Kd5 Bg1 55. Qe5 Rg6 1-0

[Event "55th Biel Master Open"]
[Site "Biel SUI"]
[Date "2022.07.19"]
[Round "6.36"]
[White "Acikel, Mert"]
[Black "Dauth, Benjamin"]
[Result "1/2-1/2"]
[BlackTitle "FM"]
[WhiteElo "2172"]
[BlackElo "2243"]
[WhiteFideId "12956465"]
[BlackFideId "4688104"]
[EventDate "2022.07.13"]

1. e4 Nf6 2. e5 Nd5 3. d4 d6 4. c4 Nb6 5. exd6 exd6 6. Nc3 Be7 7. Bd3 Nc6 8.
Nge2 Bg4 9. Be3 Qd7 10. Qd2 Bf5 11. b3 Bxd3 1/2-1/2

[Event "55th Biel Master Open"]
[Site "Biel SUI"]
[Date "2022.07.19"]
[Round "6.38"]
[White "Roe, Simon J"]
[Black "Kamber, Bruno"]
[Result "0-1"]
[BlackTitle "FM"]
[WhiteElo "2170"]
[BlackElo "2225"]
[WhiteFideId "401471"]
[BlackFideId "1300504"]
[EventDate "2022.07.13"]

1. c4 e5 2. g3 Nf6 3. Bg2 h6 4. Nf3 e4 5. Nd4 Nc6 6. Nc2 Bc5 7. Nc3 Qe7 8. O-O
d6 9. b4 Bd4 10. Nxd4 Nxd4 11. Bb2 c5 12. bxc5 dxc5 13. Nb5 Nxb5 14. cxb5 b6 15.
d4 Bb7 16. dxc5 bxc5 17. Qc2 O-O 18. Qc3 Rfd8 19. Rac1 Rac8 20. a4 Rd4 21. Qa5
Rb4 22. Ba3 Rb3 23. Rc3 Rxc3 24. Qxc3 Qe6 25. Bb2 Bd5 26. Rc1 a6 27. Qe5 axb5
28. Qxe6 fxe6 29. axb5 Nd7 30. e3 c4 31. Bf1 Kf7 32. Bd4 e5 33. Bb2 Rc5 34. Ba3
Rc8 35. Bb2 Be6 36. Kg2 Kf6 37. Be2 Nb6 38. f4 exf3+ 39. Bxf3 Nd5 40. Kf2 Rc5
41. Ba3 Rxb5 42. Rxc4 Nxe3 43. Rc7 Nd5 44. Rc5 Rb3 45. Bxd5 Bxd5 46. Rxd5 Rxa3
47. h4 Kf5 48. Rd7 Ke4 49. Rd2 Rf3+ 50. Kg2 Rf7 51. Rd1 Rc7 52. Re1+ Kf5 53. Re2
e4 54. Kh3 Rc3 55. Kg2 Ke5 56. Kf2 Rf3+ 57. Kg2 Rf7 58. Ra2 Rc7 59. Kf2 Kf5 60.
Kg2 Rc3 61. Rf2+ Ke5 62. Rf7 Rc2+ 63. Kf1 g6 64. Rg7 Kf5 65. Rg8 Rc6 66. Re8 Kg4
67. Rxe4+ Kxg3 68. Ke2 h5 69. Ke3 Rf6 70. Ra4 Rf3+ 71. Ke2 Rf4 0-1

[Event "55th Biel Master Open"]
[Site "Biel SUI"]
[Date "2022.07.20"]
[Round "7.1"]
[White "Aryan, Chopra"]
[Black "Alekseenko, Kirill"]
[Result "0-1"]
[WhiteTitle "GM"]
[BlackTitle "GM"]
[WhiteElo "2610"]
[BlackElo "2708"]
[WhiteFideId "5084423"]
[BlackFideId "4135539"]
[EventDate "2022.07.13"]

1. c4 e5 2. Nc3 Nf6 3. Nf3 Nc6 4. g3 Bb4 5. Bg2 O-O 6. O-O e4 7. Ng5 Bxc3 8.
bxc3 Re8 9. f3 e3 10. d3 h6 11. Ne4 d5 12. Nxf6+ Qxf6 13. cxd5 Qxc3 14. dxc6
Qxa1 15. cxb7 Bxb7 16. Qb3 Rab8 17. Bb2 Bd5 18. Rxa1 Bxb3 19. axb3 Rxb3 20. Bd4
a5 21. f4 Reb8 22. Rxa5 Rxd3 23. Ba7 Rd1+ 24. Bf1 Rbb1 25. Bxe3 Rxf1+ 26. Kg2
Rfd1 27. Rc5 Rb2 28. Kf3 Re1 29. Bd4 Rd2 30. e3 Rxh2 31. Rxc7 Rf1+ 32. Ke4 Rg2
33. Rc8+ Kh7 34. Rc7 Kg8 35. Rc8+ Kh7 36. Rc7 Rxg3 37. Rxf7 h5 38. Rf5 Rh1 39.
Be5 Kg8 40. Bd4 Kh7 41. Be5 Kg8 42. Bd4 h4 43. Rh5 h3 44. f5 h2 45. Be5 Rg4+ 46.
Kf3 Rg5 47. Rxh2 Rxh2 48. Bxh2 Rxf5+ 49. Kg4 Rf1 50. e4 Kf7 51. Be5 Kg6 52. Bd4
Rd1 53. Bc3 Rg1+ 54. Kf4 Kh5 55. e5 g5+ 56. Ke3 Rb1 57. Ke4 Kg6 58. e6 Rf1 59.
Kd5 g4 60. Be5 Rd1+ 61. Ke4 Re1+ 62. Kf4 g3 0-1

[Event "55th Biel Master Open"]
[Site "Biel SUI"]
[Date "2022.07.20"]
[Round "7.2"]
[White "Motylev, Alexander"]
[Black "Visakh, N R"]
[Result "1/2-1/2"]
[WhiteTitle "GM"]
[BlackTitle "GM"]
[WhiteElo "2632"]
[BlackElo "2503"]
[WhiteFideId "4121830"]
[BlackFideId "25012223"]
[EventDate "2022.07.13"]

1. d4 Nf6 2. c4 e6 3. Nc3 Bb4 4. e3 O-O 5. Bd3 d5 6. cxd5 exd5 7. Ne2 Re8 8. O-O
Bf8 9. a3 a5 10. Qc2 b6 11. e4 dxe4 12. Nxe4 h6 13. Nxf6+ Qxf6 14. Bh7+ Kh8 15.
Be4 Ra7 16. Bf4 Bd6 17. Bxd6 Qxd6 18. Nc3 c6 19. d5 Ba6 20. Bd3 Bxd3 21. Qxd3
Rd7 22. Rad1 1/2-1/2

[Event "55th Biel Master Open"]
[Site "Biel SUI"]
[Date "2022.07.20"]
[Round "7.3"]
[White "Ganguly, Surya Shekhar"]
[Black "Fedoseev, Vladimir3"]
[Result "1/2-1/2"]
[WhiteTitle "GM"]
[BlackTitle "GM"]
[WhiteElo "2608"]
[BlackElo "2686"]
[WhiteFideId "5002150"]
[BlackFideId "24130737"]
[EventDate "2022.07.13"]

1. e4 c5 2. Nf3 e6 3. Nc3 Nc6 4. d4 cxd4 5. Nxd4 Nf6 6. Nxc6 bxc6 7. e5 Nd5 8.
Ne4 Bb7 9. Be2 c5 10. O-O Qc7 11. Nd6+ Bxd6 12. exd6 Qc6 13. f3 e5 14. c4 Nf4
15. Bxf4 exf4 16. Qd2 O-O 17. Qxf4 Rae8 18. Bd3 Re6 19. Rad1 g6 20. Be4 Qa6 21.
Bxb7 Qxb7 22. Rd2 Rfe8 23. h4 Re5 24. Rfd1 a5 1/2-1/2

[Event "55th Biel Master Open"]
[Site "Biel SUI"]
[Date "2022.07.20"]
[Round "7.4"]
[White "Pranav, Anand"]
[Black "Sargsyan, Shant"]
[Result "1/2-1/2"]
[WhiteTitle "IM"]
[BlackTitle "GM"]
[WhiteElo "2463"]
[BlackElo "2661"]
[WhiteFideId "46626786"]
[BlackFideId "13306766"]
[EventDate "2022.07.13"]

1. d4 d5 2. c4 e6 3. Nf3 Nf6 4. g3 dxc4 5. Bg2 a6 6. Ne5 Bb4+ 7. Nc3 Nd5 8. O-O
O-O 9. Ne4 b5 10. b3 cxb3 11. axb3 Bb7 12. Nd3 Nd7 13. Nxb4 Nxb4 14. Bg5 Qe8 15.
Rc1 Rc8 16. Qd2 Nd5 17. Nc5 Nxc5 18. Rxc5 f6 19. Bf4 Qf7 20. Rfc1 c6 21. Qe1
Nxf4 22. gxf4 e5 23. fxe5 fxe5 24. dxe5 Qxb3 25. e3 Qd3 26. Qb4 Rce8 27. Qh4 g6 1/2-1/2

[Event "55th Biel Master Open"]
[Site "Biel SUI"]
[Date "2022.07.20"]
[Round "7.5"]
[White "Iniyan, P"]
[Black "Sethuraman, S.P."]
[Result "1/2-1/2"]
[WhiteTitle "GM"]
[BlackTitle "GM"]
[WhiteElo "2533"]
[BlackElo "2623"]
[WhiteFideId "25002767"]
[BlackFideId "5021596"]
[EventDate "2022.07.13"]

1. d4 Nf6 2. c4 e6 3. Nf3 d5 4. Nc3 Bb4 5. cxd5 exd5 6. Bg5 h6 7. Bh4 c5 8. e3
c4 9. Qc2 g5 10. Bg3 Be6 11. Be2 Nc6 12. O-O Bxc3 13. bxc3 Ne4 14. Nd2 Nxd2 15.
Qxd2 h5 16. f3 h4 17. Bf2 f5 18. e4 f4 19. Qc2 Qd7 20. Bxc4 dxc4 21. d5 h3 22.
dxc6 Qxc6 23. g4 fxg3 24. Bxg3 O-O-O 25. Qf2 b6 1/2-1/2

[Event "55th Biel Master Open"]
[Site "Biel SUI"]
[Date "2022.07.20"]
[Round "7.7"]
[White "Huschenbeth, Niclas"]
[Black "Muradli, Mahammad"]
[Result "0-1"]
[WhiteTitle "GM"]
[BlackTitle "GM"]
[WhiteElo "2610"]
[BlackElo "2523"]
[WhiteFideId "24604747"]
[BlackFideId "13409301"]
[EventDate "2022.07.13"]

1. e4 c5 2. Nf3 d6 3. d4 cxd4 4. Nxd4 Nf6 5. Nc3 a6 6. Bg5 Nbd7 7. Qe2 e6 8. f4
Qc7 9. O-O-O b5 10. f5 e5 11. Nd5 Nxd5 12. exd5 Nb6 13. Qh5 Be7 14. Bd3 h6 15.
h4 exd4 16. Rde1 Nxd5 17. Rxe7+ Nxe7 18. Re1 Be6 19. fxe6 O-O-O 20. Bxe7 Qxe7
21. Qxf7 Rhe8 22. Qf3 d5 23. Qg4 Kb7 24. Qxd4 Rd6 25. Bg6 Rf8 26. Qe3 Rc8 27. h5
Rcc6 28. Bf7 d4 29. Qd3 Kb6 30. a3 Rc7 31. Kb1 Ka7 32. Qg3 b4 33. a4 b3 34. cxb3
Rb6 35. Rd1 Qc5 36. Ka2 Rcb7 37. Rd3 Rb4 38. Qf2 Rxa4+ 39. Kb1 Rab4 40. e7 Rxe7
41. Bc4 Re3 42. Rd1 Rb7 43. g4 Rbe7 44. Qd2 R3e4 45. Rc1 Qe5 46. Ka2 Rc7 47. Qb4
Qc5 48. Qa4 Kb8 49. Bd3 Qxc1 50. Bxe4 Qc5 51. Qe8+ Rc8 52. Qe6 Rd8 53. Kb1 d3
54. Qf7 Qc7 55. Qf3 d2 56. Bc2 Qd6 57. Bd1 Qd3+ 58. Qxd3 Rxd3 59. Kc2 Rd5 60. b4
Kc7 61. Kc3 Kd6 0-1

[Event "55th Biel Master Open"]
[Site "Biel SUI"]
[Date "2022.07.20"]
[Round "7.8"]
[White "Martirosyan, Haik M."]
[Black "Licznerski, Lukasz"]
[Result "1/2-1/2"]
[WhiteTitle "GM"]
[BlackTitle "IM"]
[WhiteElo "2672"]
[BlackElo "2451"]
[WhiteFideId "13306553"]
[BlackFideId "1179250"]
[EventDate "2022.07.13"]

1. Nf3 Nf6 2. c4 g6 3. Nc3 d5 4. cxd5 Nxd5 5. h4 Bg7 6. e4 Nb6 7. d4 Bg4 8. Be3
Nc6 9. d5 Ne5 10. Be2 O-O 11. Nxe5 Bxe2 12. Qxe2 Bxe5 13. f4 Bg7 14. O-O-O Qd7
15. Bd4 Bxd4 16. Rxd4 e6 17. h5 exd5 18. exd5 Rae8 19. Qd2 Qf5 20. Qf2 Nc8 21.
Qh4 Nd6 22. hxg6 Qxg6 23. Qh3 f5 24. Rd3 Kh8 25. Qh4 Rf7 26. Qf2 Rg7 27. g3 a6
28. Re1 Rge7 29. Rde3 Qf6 30. Rxe7 Rxe7 31. Kc2 Kg8 32. Kd3 Ne4 33. Nxe4 fxe4+
34. Rxe4 Qf5 35. Qd4 Qg6 36. g4 Rxe4 37. Qxe4 Qxg4 38. Kc4 Qd7 39. Qe5 Qb5+ 40.
Kc3 Qc5+ 41. Kd3 Qd6 42. Qf5 Qg6 43. Qxg6+ hxg6 44. Kd4 Kf7 45. b4 Kf6 46. Ke4
b6 47. a4 Kf7 48. d6 cxd6 49. Kd5 Ke7 50. Kc6 d5 51. Kxd5 Kd7 52. a5 b5 53. Ke4
Ke6 54. Ke3 Ke7 55. Kf3 Kf7 56. Ke3 Ke7 57. Kf3 Kf7 58. Kf2 Kf6 59. Ke2 Ke6 60.
Kd2 Kd6 61. Ke3 Ke7 1/2-1/2

[Event "55th Biel Master Open"]
[Site "Biel SUI"]
[Date "2022.07.20"]
[Round "7.9"]
[White "Lagarde, Maxime"]
[Black "Mohammad, Nubairshah Shaikh"]
[Result "1/2-1/2"]
[WhiteTitle "GM"]
[BlackTitle "IM"]
[WhiteElo "2631"]
[BlackElo "2445"]
[WhiteFideId "662399"]
[BlackFideId "5053196"]
[EventDate "2022.07.13"]

1. e4 c6 2. d4 d5 3. Nc3 dxe4 4. Nxe4 Bf5 5. Ng3 Bg6 6. h4 h6 7. Nf3 Nd7 8. Bd3
Bxd3 9. Qxd3 e6 10. Bf4 Qa5+ 11. c3 Ngf6 12. O-O Be7 13. Rfe1 Nh5 14. Be5 Nxg3
15. Bxg7 Rg8 16. Qh7 Rxg7 17. Qxg7 Nf5 18. Qg8+ Nf8 19. Ne5 Nd6 20. Nxf7 Nxf7
21. Rxe6 Kd7 22. Re3 Qh5 23. Rae1 Re8 24. d5 cxd5 25. Qg7 a6 26. Qd4 Nd6 27.
Qa4+ Kd8 28. Qa5+ Kd7 29. Qa4+ Nb5 30. Re5 Qf7 31. Qg4+ Kc7 32. c4 Nd6 33. cxd5
Ng6 34. Re6 Nxh4 35. Rxh6 Ndf5 36. Rhe6 Rg8 37. Rxe7+ Nxe7 38. d6+ Kxd6 39. Qb4+
Kc6 40. Rc1+ Kd7 41. Qxb7+ Ke6 42. Qe4+ Kd6 43. Qb4+ Ke6 44. Re1+ Kd7 45. Qb7+
Kd6 46. Qb6+ Kd7 47. Qa7+ Kd6 48. Qb6+ Kd7 49. Qb7+ Kd6 50. Qb4+ Kd7 51. Qxh4
Nc6 52. Qe4 Rg5 53. Rd1+ Kc7 54. b3 Re5 55. Qd3 Kb6 56. g3 Qe6 57. Kg2 Rh5 58.
Rh1 Rd5 59. Qc4 Re5 60. Qxe6 Rxe6 61. g4 Kc5 62. g5 Kd5 63. Kg3 Nd4 64. b4 Re2
65. a4 Ke5 66. Rd1 Ne6 67. g6 Rb2 68. Rd7 Rb3+ 69. f3 Rxb4 70. Rf7 Rb1 71. Kf2
Rb8 72. Ke3 Rb3+ 73. Kf2 Rb8 74. Ke3 Rb3+ 75. Kf2 Rb8 76. Ke3 Rb3+ 1/2-1/2

[Event "55th Biel Master Open"]
[Site "Biel SUI"]
[Date "2022.07.20"]
[Round "7.10"]
[White "Krishna, C R G"]
[Black "Puranik, Abhimanyu"]
[Result "1/2-1/2"]
[WhiteTitle "IM"]
[BlackTitle "GM"]
[WhiteElo "2430"]
[BlackElo "2612"]
[WhiteFideId "5018625"]
[BlackFideId "5061245"]
[EventDate "2022.07.13"]

1. d4 Nf6 2. Nf3 g6 3. c4 Bg7 4. g3 c5 5. d5 d6 6. Nc3 e6 7. Bg2 exd5 8. cxd5
O-O 9. O-O Re8 10. Nd2 Nbd7 11. e4 a6 12. a4 Qc7 13. Nc4 Ne5 14. Nxe5 Rxe5 15.
Bf4 Re8 16. Rc1 Qb8 17. a5 b5 18. axb6 Qxb6 19. h3 Nd7 20. Qa4 Rb8 21. Rfd1 Rf8
22. Rd2 Ne5 23. Nd1 Bd7 24. Qa3 Qb4 25. Qxa6 Bxh3 26. Qe2 Bg4 27. f3 Bd7 28. Nc3
Rb6 29. Rdc2 Rfb8 30. Ra1 h5 31. Bf1 R6b7 32. Ra6 c4 33. Be3 Nd3 34. Na2 Qb5 35.
Rxd6 Be5 36. Rxd7 Qxd7 37. f4 Bg7 38. Rxc4 Rxb2 39. Qxd3 Qg4 40. Bf2 Rxa2 41. d6
h4 42. e5 h3 43. Rc2 Ra1 44. Kh2 Bf8 45. Bd4 Rd1 46. Rd2 Rbb1 47. d7 Rxf1 48.
Qxf1 Rxf1 49. d8=Q Qf3 50. Bg1 Rd1 51. Qd4 Qf1 52. Qf2 Qxf2+ 53. Rxf2 Bc5 54.
Rf1 Rxf1 55. Bxc5 g5 56. fxg5 Rf5 57. Be3 Rxe5 58. Bf4 Re4 59. Kxh3 Kg7 60. Kh4
Kg6 61. Kg4 Re1 62. Bd2 Ra1 63. Be3 Ra4+ 64. Bf4 Rc4 65. Kh4 Kf5 66. Kh5 Rc6 67.
Be3 Rg6 68. Bf4 Re6 69. Bc7 Re8 70. Kh6 Rg8 71. Bf4 Kg4 72. Kh7 Rg6 73. Kh8 Kf5
74. Kh7 Ke6 75. Be3 Ke7 76. Bc5+ Ke8 77. Be3 Rd6 78. Kg7 Rg6+ 79. Kh7 Ke7 80.
Bc5+ Ke6 81. Be3 Kf5 82. Bf4 Rb6 83. Kg7 Rb7 84. Kh6 Kg4 85. Kg7 Kf5 86. Kh6 Re7
87. Kg7 f6+ 88. Kh6 fxg5 89. Bxg5 Re4 90. Bf4 Rxf4 1/2-1/2